000 00304nam a2200109Ia 4500
008 201224s9999 xx 000 0 und d
100 _aArasaratnam, S.
245 0 _aMasulipatnam and Cambay: A history of two port-towns 1500-1800
260 _aNew Delhi
_bMunshiram Manoharlal
300 _a314
942 _cBK
999 _c8725
_d8725